中国县级行政单位中 出现频率大于10次的单字 - Statistics

General Stats
  • This quiz has been taken 949 times
  • The average score is 65 of 154
Answer Stats
关键字 次数 % Correct
81
94%
33
94%
86
93%
76
93%
西 60
93%
108
90%
1423
89%
69
89%
153
87%
49
86%
108
85%
145
83%
105
83%
33
83%
981
81%
408
80%
30
80%
40
77%
79
72%
70
68%
36
66%
32
64%
14
64%
58
63%
19
62%
26
61%
16
61%
123
60%
35
60%
54
59%
123
58%
26
58%
52
57%
25
57%
17
56%
12
56%
44
55%
30
55%
27
55%
39
54%
18
54%
16
53%
40
52%
29
52%
26
50%
24
50%
18
49%
13
49%
26
48%
24
48%
22
48%
14
48%
13
48%
26
47%
22
47%
16
47%
12
47%
24
46%
14
46%
28
45%
161
44%
31
43%
16
43%
13
43%
38
42%
广 16
42%
12
42%
30
41%
20
41%
16
41%
16
41%
12
41%
11
41%
33
40%
14
40%
12
40%
11
40%
11
40%
31
39%
17
39%
12
39%
20
38%
20
38%
12
38%
11
37%
11
37%
19
36%
18
36%
14
36%
11
36%
19
34%
17
34%
13
34%
13
33%
10
33%
18
32%
13
32%
27
31%
15
31%
32
30%
16
30%
15
30%
12
30%
25
29%
15
29%
21
28%
13
28%
12
28%
11
28%
19
27%
13
27%
13
27%
23
26%
15
26%
13
26%
12
26%
11
26%
10
26%
19
24%
15
24%
10
24%
13
23%
13
22%
12
22%
16
21%
14
21%
14
21%
14
21%
20
19%
15
19%
11
19%
11
19%
16
17%
11
17%
11
17%
10
17%
10
17%
13
16%
14
15%
12
15%
19
14%
10
14%
10
14%
11
13%
10
13%
10
13%
寿 10
13%
12
12%
10
12%
10
11%
10
11%
11
10%
13
9%
15
5%
No matching quizzes found
Score Distribution
Percent of People with Each Score
Percentile by Number Answered
Your Score History
You have not taken this quiz